000 01722cam a22002174a 4500
005 20250605164226.0
008 250528s ||||||||||||||||||||||||d
035 _a20849
020 _a9789606829383
040 _aGR-AtMCL
_bgre
_dGR-AtMCL
_eAACR2
245 1 _aΤο Σοκ της Ανατροφής
250 _a
260 _bPolaris,
_c2012
300 _a368
520 _aΤο παρόν βιβλίο αποτελεί μία οξυδερκή εξερεύνηση των θεμάτων και προβλημάτων των παιδιών και των γονιών. Πρόλογος, Και στην Πόρτα ο Κάρυ Γκράντ, Γιατί το Ένστικτο μας σε ό,τι Αφορά τα Παιδιά μπορεί να Είναι Τόσο Λαθεμένο, Η Αντίστροφη Ώρα του Επαίνου, Η Χαμένη Ώρα, Γιατί οι Λευκοί Γονείς δε Μιλούν για Φυλετικά Ζητήματα, Γιατί τα Παιδιά Λένε Ψέματα, Η Αναζήτηση Ευφυίας στο Νηπιαγωγείο, Οι Συνέπειες του να Έχεις Αδέρφια, Η Επιστήμη της Εφηβικής Επαναστατικότητας, Μπορεί να Διδαχθεί ο Αυτοέλεγχος;, Παίζει Καλά με τα Άλλα Παιδιά, Η Άννα Μιλάει και η Σοφία Όχι. Γιατί;, Ο Μύθος του Υπερ-Προτερήματος, Σημειώσεις, Επιλεγμένες Πηγές και Αναφορές, Ευρετήριο.
700 1 _aΜέρυμαν Άσλευ
_96827
700 1 _aΜπρόνσον Πο
_96828
942 _cBK
999 _c5931
_d5931